000 00601nam a22001932 4500
001 0000008830
005 20151217154405.0
008 080611s xx 000 0 eng d
020 _a0521753562 :
_cKES
040 _aKABU
_cKABU
100 1 _aLucatoni, Peter.
_@0000159604
245 1 0 _aTeaching and assessing skills in English as a second language /
_cPeter Lucantoni.
260 _aCambridge :
_bC. U. P,
_c2002.
300 _avi, 82 p.
650 0 _aEnglish Lnaguage
_xStudy and teaching.
_@0000159605
908 _a080611
950 _@1
999 _c10979
_d10979